00939nam a2200253 a 450000100100000000500170001000800410002702000150006804000250008308200170010810000250012524500450015026000260019530000280022159000260024965000190027565000340029465000300032865000390035891000390039795201140043695201200055099900150067000000671020200929153959.0090902s2002 xxua 000 0 spa d a9993489301 aDO-SdBNPbspacBNPHU a615.4bC387v1 aCebedo, Perri91867813aLa venta farmacéutica /cPerri Cebedo. aSanto Domingo,c2002. a206 p. :bil. ;c25 cm. aInventariado, 2018/LP 4aFarmacia96324 4aÉtica farmacéutica918679 4aVisitador médico918680 4aVendedores y arte de vender918681 aValidado. Control de calidad BNPHU 001050718MOaPDbPDcHDd2009-09-09iLF1l0o615.4 C387vp6710-10r2020-06-25w2020-06-25y1ZNo se presta 001050718MOaPDbPDcHDd2009-09-09iLF1l0o615.4 C387vp6710-20r2020-06-25te. 2w2020-06-25y1ZNo se presta c6499d6499